[Event "Deutsche Ländermeisterschaft 2019"]
[Site "Würzburg GER"]
[Date "2019.10.06"]
[Round "7"]
[White "Röste, Hugo"]
[Black "Hänselmann, Hendrik"]
[Result "0-1"]
[Termination "unterminated"]
[Board "9.5"]
[WhiteElo "1565"]
[BlackElo "1732"]
[WhiteTeam "Mecklenburg-Vorpommern"]
[BlackTeam "Baden 1"]
[PlyCount "38"]
[WhiteFideId "16247604"]
[BlackFideId "16232755"]
[EventCountry "GER"]
[EventRounds "7"]
[EventType "team-swiss"]
[EventDate "2019.10.01"]

1. d4 Nf6 2. c4 e6 3. Nf3 b6 4. e3 Bb7 5. Bd3 c5 6. Nc3 cxd4 7. exd4 Be7 8. O-O
O-O 9. Bd2 d6 10. Qe2 Nbd7 11. a3 a6 12. Rac1 Qc7 13. Be3 Rac8 14. b4 Qb8 15.
Rc2 Rfe8 16. Rfc1 Bf8 17. Nd2 d5 18. Qf1 Ng4 19. Na2 Qxh2# 0-1

[Event "Deutsche Ländermeisterschaft 2019"]
[Site "Würzburg GER"]
[Date "2019.10.06"]
[Round "7"]
[White "Wang, Xinyuan"]
[Black "Greßler, Christian"]
[Result "1-0"]
[Termination "unterminated"]
[Board "9.6"]
[WhiteElo "1674"]
[BlackElo "1464"]
[WhiteTeam "Baden 1"]
[BlackTeam "Mecklenburg-Vorpommern"]
[PlyCount "59"]
[WhiteFideId "16221494"]
[BlackFideId "16244907"]
[EventCountry "GER"]
[EventRounds "7"]
[EventType "team-swiss"]
[EventDate "2019.10.01"]

1. d4 e6 2. Nf3 d5 3. c4 c6 4. e3 Nd7 5. Nc3 Ngf6 6. Qc2 b6 7. e4 Nxe4 8. Nxe4
dxe4 9. Qxe4 Bb7 10. Be2 Nf6 11. Qd3 Bb4+ 12. Bd2 Bxd2+ 13. Nxd2 Qc7 14. O-O
O-O 15. b4 Rad8 16. Qe3 Qd6 17. Nb3 Qxb4 18. c5 bxc5 19. a3 cxd4 20. axb4 dxe3
21. fxe3 Ra8 22. Na5 Rab8 23. Rfc1 Rfc8 24. Nxb7 Rxb7 25. Ba6 Rbc7 26. Bxc8
Rxc8 27. Rxa7 Kf8 28. b5 c5 29. b6 Nd7 30. Rxd7 1-0

[Event "Deutsche Ländermeisterschaft 2019"]
[Site "Würzburg GER"]
[Date "2019.10.06"]
[Round "7"]
[White "Wucherer, Sophie"]
[Black "Fischer, Darja"]
[Result "1-0"]
[Termination "unterminated"]
[Board "9.7"]
[WhiteElo "1531"]
[BlackElo "1597"]
[WhiteTeam "Mecklenburg-Vorpommern"]
[BlackTeam "Baden 1"]
[PlyCount "77"]
[WhiteFideId "16225473"]
[BlackFideId "16240898"]
[EventCountry "GER"]
[EventRounds "7"]
[EventType "team-swiss"]
[EventDate "2019.10.01"]

1. d4 d5 2. c4 e6 3. Nc3 Nf6 4. cxd5 exd5 5. Bg5 Be7 6. e3 O-O 7. Bd3 b6 8.
Bxf6 Bxf6 9. Qh5 h6 10. Qxd5 Qxd5 11. Nxd5 Bd8 12. Nf3 c6 13. Nc3 Ba6 14. Bxa6
Nxa6 15. a3 c5 16. d5 Bf6 17. O-O Rad8 18. Rad1 Rfe8 19. Rfe1 Bxc3 20. bxc3 Re4
21. Rd3 Nc7 22. Red1 Nb5 23. Nd2 Ra4 24. c4 Rxa3 25. Rxa3 Nxa3 26. Ra1 Nc2 27.
Rxa7 b5 28. Ra5 bxc4 29. Rxc5 Na3 30. e4 Rb8 31. g3 Kf8 32. Nxc4 Nxc4 33. Rxc4
Ke7 34. Rc7+ Kf6 35. f4 g6 36. e5+ Kg7 37. e6 Rf8 38. e7 Re8 39. d6 1-0

[Event "Deutsche Ländermeisterschaft 2019"]
[Site "Würzburg GER"]
[Date "2019.10.06"]
[Round "7"]
[White "Visvikis, Kassandra"]
[Black "Sens, Gerda"]
[Result "1-0"]
[Termination "unterminated"]
[Board "9.8"]
[WhiteElo "1531"]
[BlackElo "1291"]
[WhiteTeam "Baden 1"]
[BlackTeam "Mecklenburg-Vorpommern"]
[PlyCount "77"]
[WhiteFideId "36052167"]
[BlackFideId "16287029"]
[EventCountry "GER"]
[EventRounds "7"]
[EventType "team-swiss"]
[EventDate "2019.10.01"]

1. e4 e5 2. Nf3 Nc6 3. Bc4 Bc5 4. c3 Nf6 5. d3 d6 6. h3 O-O 7. a4 a6 8. O-O h6
9. Nbd2 Bd7 10. Re1 b5 11. axb5 axb5 12. Rxa8 Qxa8 13. Bxb5 Qa7 14. Rf1 Re8 15.
b4 Bb6 16. Nc4 Qb7 17. Nxb6 Qxb6 18. Bc4 Qa7 19. Qb3 Be6 20. Bxe6 Rxe6 21. Be3
Qa8 22. b5 Na5 23. Qa4 Re8 24. Ra1 d5 25. Qxa5 Qxa5 26. Rxa5 dxe4 27. dxe4 Nxe4
28. c4 Nd6 29. Nd2 Rd8 30. Ra2 f5 31. f4 exf4 32. Bxf4 Re8 33. Bxd6 Re1+ 34.
Kf2 Re6 35. Bxc7 Re7 36. b6 Re8 37. b7 Kh7 38. Ra8 Rxa8 39. bxa8=Q 1-0

[Event "Deutsche Ländermeisterschaft 2019"]
[Site "Würzburg GER"]
[Date "2019.10.06"]
[Round "7"]
[White "Heldt, Nils-Lennart"]
[Black "Weihrauch, Jakob"]
[Result "0-1"]
[Termination "unterminated"]
[Board "10.1"]
[WhiteElo "2131"]
[BlackElo "2167"]
[WhiteTeam "SG Bremen / Niedersachsen"]
[BlackTeam "SG Hamburg/Schleswig-Holstein"]
[PlyCount "102"]
[WhiteFideId "12952109"]
[BlackFideId "16210115"]
[EventCountry "GER"]
[EventRounds "7"]
[EventType "team-swiss"]
[EventDate "2019.10.01"]

1. e4 e5 2. Nf3 Nc6 3. Bb5 a6 4. Bxc6 dxc6 5. O-O Bd6 6. d4 exd4 7. Qxd4 f6 8.
Be3 Ne7 9. Nc3 c5 10. Qd3 Be6 11. Rad1 Qd7 12. Qe2 Qc6 13. h3 O-O-O 14. e5 fxe5
15. Bg5 Rde8 16. Nxe5 Bxe5 17. Qxe5 Ng6 18. Qg3 Kb8 19. Rfe1 Bf5 20. h4 Bxc2
21. Rxe8+ Rxe8 22. Rd2 Bf5 23. h5 Ne5 24. Re2 Nd3 25. Rxe8+ Qxe8 26. Nd5 Qf7
27. Ne3 Be6 28. Nd5 c4 29. Nf4 h6 30. Nxd3 cxd3 31. Bd2 Bf5 32. Qe5 Qxh5 33. f3
Qf7 34. b3 h5 35. Qd4 b6 36. Bf4 Kb7 37. Qe5 Qd7 38. a4 d2 39. Bxd2 Qxd2 40.
Qxf5 Qd1+ 41. Kh2 Qxb3 42. a5 Qb5 43. Qe4+ Qc6 44. Qf5 g6 45. Qb1 Qd6+ 46. Kh3
Qe6+ 47. g4 hxg4+ 48. fxg4 g5 49. axb6 Qe3+ 50. Kg2 cxb6 51. Qf5 Kc6 0-1

[Event "Deutsche Ländermeisterschaft 2019"]
[Site "Würzburg GER"]
[Date "2019.10.06"]
[Round "7"]
[White "Holinka, Henning"]
[Black "Pahl, Erik"]
[Result "1-0"]
[Termination "unterminated"]
[Board "10.2"]
[WhiteElo "2101"]
[BlackElo "2027"]
[WhiteTeam "SG Hamburg/Schleswig-Holstein"]
[BlackTeam "SG Bremen / Niedersachsen"]
[PlyCount "107"]
[WhiteFideId "12967084"]
[BlackFideId "16201272"]
[EventCountry "GER"]
[EventRounds "7"]
[EventType "team-swiss"]
[EventDate "2019.10.01"]

1. e4 c5 2. Nf3 d6 3. d4 cxd4 4. Nxd4 Nf6 5. Nc3 a6 6. Bg5 e6 7. f4 h6 8. Bh4
Qb6 9. Qd2 Qxb2 10. Rb1 Qa3 11. e5 dxe5 12. fxe5 Nfd7 13. Ne4 Qxa2 14. Rd1 Qd5
15. Qe3 Qxe5 16. Be2 Bc5 17. Bg3 Qd5 18. c4 Bxd4 19. Rxd4 Qa5+ 20. Rd2 O-O 21.
Bd6 f5 22. Bxf8 Nxf8 23. Nd6 Nbd7 24. Bf3 Qa1+ 25. Rd1 Qe5 26. Kf2 Qxe3+ 27.
Kxe3 Ne5 28. Rb1 Nxf3 29. gxf3 b5 30. cxb5 axb5 31. Rxb5 Bd7 32. Rb3 Bc6 33.
Rc3 Bd5 34. Rg1 Rd8 35. Rc7 Rd7 36. Rxd7 Nxd7 37. Ne8 g5 38. Nc7 Nf6 39. h4 g4
40. fxg4 fxg4 41. Nxd5 Nxd5+ 42. Ke4 Kf7 43. Ke5 h5 44. Rf1+ Kg6 45. Kxe6 Ne3
46. Rf2 g3 47. Rf3 g2 48. Rg3+ Kh6 49. Ke5 Ng4+ 50. Kf5 Nh2 51. Kf4 Ng4 52.
Rxg2 Kg6 53. Ra2 Nf6 54. Ra6 1-0

[Event "Deutsche Ländermeisterschaft 2019"]
[Site "Würzburg GER"]
[Date "2019.10.06"]
[Round "7"]
[White "Pahl, Theis"]
[Black "Popist, Florian"]
[Result "1/2-1/2"]
[Termination "unterminated"]
[Board "10.3"]
[WhiteElo "1984"]
[BlackElo "2019"]
[WhiteTeam "SG Bremen / Niedersachsen"]
[BlackTeam "SG Hamburg/Schleswig-Holstein"]
[PlyCount "51"]
[WhiteFideId "16201264"]
[BlackFideId "16203518"]
[EventCountry "GER"]
[EventRounds "7"]
[EventType "team-swiss"]
[EventDate "2019.10.01"]

1. e4 c5 2. Nf3 e6 3. d4 cxd4 4. Nxd4 Nc6 5. Nc3 Qc7 6. Be3 a6 7. Qd2 Nf6 8. f4
Bb4 9. Bd3 O-O 10. a3 Ba5 11. Nb3 Bb6 12. h3 Bxe3 13. Qxe3 e5 14. f5 Rd8 15.
O-O-O b5 16. g4 b4 17. Nd5 Nxd5 18. exd5 Na5 19. Be4 d6 20. axb4 Nxb3+ 21. Qxb3
Rb8 22. Qd3 Rxb4 23. f6 Qa5 24. Bxh7+ Kh8 25. fxg7+ Kxg7 26. c3 1/2-1/2

[Event "Deutsche Ländermeisterschaft 2019"]
[Site "Würzburg GER"]
[Date "2019.10.06"]
[Round "7"]
[White "Ravina, David"]
[Black "Möller, Hannah"]
[Result "1-0"]
[Termination "unterminated"]
[Board "10.4"]
[WhiteElo "2087"]
[BlackElo "1859"]
[WhiteTeam "SG Hamburg/Schleswig-Holstein"]
[BlackTeam "SG Bremen / Niedersachsen"]
[PlyCount "41"]
[WhiteFideId "12921858"]
[BlackFideId "1270514"]
[EventCountry "GER"]
[EventRounds "7"]
[EventType "team-swiss"]
[EventDate "2019.10.01"]

1. e4 g6 2. d4 Bg7 3. Nf3 d6 4. Bc4 Nd7 5. Ng5 e6 6. Bxe6 fxe6 7. Nxe6 Qf6 8.
Nxc7+ Kd8 9. Nxa8 h6 10. O-O b6 11. e5 dxe5 12. dxe5 Qxe5 13. Re1 Qf5 14. Qe2
Qf7 15. Bf4 Ne7 16. Bc7+ Ke8 17. Nc3 Bb7 18. Bd6 Bf6 19. Nc7+ Kd8 20. Ne6+ Ke8
21. Rad1 1-0

[Event "Deutsche Ländermeisterschaft 2019"]
[Site "Würzburg GER"]
[Date "2019.10.06"]
[Round "7"]
[White "Sinnhöfer, Joshua"]
[Black "Fuhrmann, Bahne"]
[Result "1-0"]
[Termination "unterminated"]
[Board "10.5"]
[WhiteElo "1606"]
[BlackElo "1623"]
[WhiteTeam "SG Bremen / Niedersachsen"]
[BlackTeam "SG Hamburg/Schleswig-Holstein"]
[PlyCount "69"]
[WhiteFideId "16201361"]
[BlackFideId "16244842"]
[EventCountry "GER"]
[EventRounds "7"]
[EventType "team-swiss"]
[EventDate "2019.10.01"]

1. e4 e5 2. Nf3 Nc6 3. Bb5 a6 4. Ba4 Nf6 5. O-O b5 6. Bb3 Bc5 7. c3 d6 8. d4
Bb6 9. Re1 O-O 10. Be3 Bg4 11. d5 Bxe3 12. Rxe3 Na5 13. Nbd2 Nd7 14. h3 Bh5 15.
g4 Bg6 16. Bc2 Qe7 17. b4 Nb7 18. Qe2 Nf6 19. Nf1 h5 20. g5 Nh7 21. h4 f6 22.
gxf6 Rxf6 23. Ng3 Rf4 24. a4 Be8 25. axb5 Bxb5 26. Bd3 Raf8 27. Bxb5 axb5 28.
Nf5 Qf6 29. Qxb5 Nd8 30. Qd7 g6 31. Ng5 Nxg5 32. hxg5 Rg4+ 33. Rg3 Rxg3+ 34.
fxg3 Qxg5 35. Qg7# 1-0

[Event "Deutsche Ländermeisterschaft 2019"]
[Site "Würzburg GER"]
[Date "2019.10.06"]
[Round "7"]
[White "Hubert, Charlotte"]
[Black "Sinnhöfer, Lilian"]
[Result "1/2-1/2"]
[Termination "unterminated"]
[Board "10.6"]
[WhiteElo "1341"]
[BlackElo "1442"]
[WhiteTeam "SG Hamburg/Schleswig-Holstein"]
[BlackTeam "SG Bremen / Niedersachsen"]
[PlyCount "61"]
[WhiteFideId "16265920"]
[BlackFideId "12977586"]
[EventCountry "GER"]
[EventRounds "7"]
[EventType "team-swiss"]
[EventDate "2019.10.01"]

1. e4 e5 2. Nf3 Nc6 3. Nc3 Nf6 4. d4 exd4 5. Nxd4 Bb4 6. Nxc6 bxc6 7. Bd3 d5 8.
exd5 cxd5 9. O-O O-O 10. Bg5 c6 11. Na4 Bd6 12. c4 h6 13. Bh4 g5 14. Bg3 Ng4
15. Be2 Bxg3 16. Bxg4 Be5 17. Bxc8 Rxc8 18. Qh5 Kg7 19. Rfe1 Bf6 20. Re3 d4 21.
Rh3 Rh8 22. Nc5 Qe7 23. Nd3 Rce8 24. Rf3 Qe4 25. h3 Qg6 26. Qxg6+ Kxg6 27. Re1
Rxe1+ 28. Nxe1 Re8 29. Kf1 Rb8 30. Nd3 h5 31. g4 1/2-1/2

[Event "Deutsche Ländermeisterschaft 2019"]
[Site "Würzburg GER"]
[Date "2019.10.06"]
[Round "7"]
[White "Fröhlich, Niklas"]
[Black "Rempe, Mieke"]
[Result "0-1"]
[Termination "unterminated"]
[Board "10.7"]
[WhiteElo "1228"]
[BlackElo "1481"]
[WhiteTeam "SG Bremen / Niedersachsen"]
[BlackTeam "SG Hamburg/Schleswig-Holstein"]
[PlyCount "64"]
[WhiteFideId "16245016"]
[BlackFideId "16202384"]
[EventCountry "GER"]
[EventRounds "7"]
[EventType "team-swiss"]
[EventDate "2019.10.01"]

1. e4 c6 2. Nf3 d5 3. Na3 g6 4. exd5 cxd5 5. Bb5+ Bd7 6. Bxd7+ Qxd7 7. d4 Bg7
8. Qe2 Nc6 9. Qd1 Qg4 10. O-O Nf6 11. Nb5 O-O 12. Ng5 Qf5 13. c3 a6 14. Na3 e5
15. dxe5 Nxe5 16. Re1 Nd3 17. Re2 Nxc1 18. Qxc1 Bh6 19. h4 Qg4 20. g3 Qxe2 21.
Qf4 Qxb2 22. Re1 Qxc3 23. Rf1 Bxg5 24. Qxg5 Ne4 25. Qg4 Qxa3 26. h5 Qd6 27. Kg2
Nf6 28. Qh4 Nxh5 29. Rh1 Qe5 30. g4 Qe4+ 31. Kg1 Rac8 32. gxh5 Rc1+ 0-1

[Event "Deutsche Ländermeisterschaft 2019"]
[Site "Würzburg GER"]
[Date "2019.10.06"]
[Round "7"]
[White "Ruhmke, Rebecca"]
[Black "Vianden, Ella"]
[Result "1-0"]
[Termination "unterminated"]
[Board "10.8"]
[WhiteElo "1404"]
[BlackElo "1306"]
[WhiteTeam "SG Hamburg/Schleswig-Holstein"]
[BlackTeam "SG Bremen / Niedersachsen"]
[PlyCount "51"]
[WhiteFideId "16235991"]
[BlackFideId "16235592"]
[EventCountry "GER"]
[EventRounds "7"]
[EventType "team-swiss"]
[EventDate "2019.10.01"]

1. e4 e5 2. Nf3 Nc6 3. Bc4 Nf6 4. d3 Be7 5. c3 d6 6. Bb3 O-O 7. O-O Be6 8. Bc2
Qd7 9. Nbd2 Rfe8 10. Re1 Rad8 11. d4 exd4 12. cxd4 d5 13. e5 Ng4 14. Nf1 Bf5
15. Bb3 Bg6 16. h3 Nh6 17. Bxh6 gxh6 18. Ne3 Qe6 19. Kh2 Nb4 20. g3 Bf8 21. Qd2
a5 22. Ng4 Bf5 23. Nf6+ Kh8 24. Nxe8 Rxe8 25. g4 b6 26. gxf5 1-0